On peut ou non ? 1 - Statistiques

Statistiques générales
  • Ce quiz a été pris 76 fois
    55 depuis la dernière actualisation
  • Le résultat moyen est 17 sur 30
Statistiques - réponses
Question Réponse % Correct
marcher sur une pièce de la monnaie nationale en Thaïlande ? NON
90%
manger un chien chaud au Québec ? OUI
90%
être allergique à l'eau ? OUI
80%
tuer son mari surpris en flagrant délit d'adultère si on est à Hong-Kong OUI
80%
être en France et se baigner dans l'océan Pacifique OUI
80%
pêcher un poisson dans la mer morte ? NON
70%
acheter du gruyère suisse avec des trous ? NON
70%
pêcher en pyjama à Chicago ? NON
70%
se faire piquer par un moustique mâle ? NON
70%
compter les cils de la Joconde ? NON
70%
rencontrer des Lutins à Luc-sur-Mer OUI
70%
arrêter de fumer en jouant à Tétris? OUI
70%
voir une girafe bâiller ? NON
60%
jouer sur les 91 touches d'un piano NON
60%
participer au concours de Miss France et être mère ? NON
60%
visiter Rome sur tous les continents ? OUI
60%
jouer au football contre l'équipe du Vatican ? OUI
60%
visiter un parc d'attraction habité par une centaine de nains ? OUI
60%
voir un crocodile tirer la langue ? NON
50%
faire rire un rat ? OUI
50%
conjuguer le verbe traire au passé simple ? NON
40%
se rendre rue du Fujiyama à Tokyo ? NON
40%
conduire une Mazda Laputa ? OUI
40%
lire Playboy en braille ? OUI
40%
jouer 10 numéros à l'Euromillion ? OUI
40%
trouver trois mammifères ayant un menton ? NON
30%
voir des Chip and Dale à Disneyland ? OUI
30%
tirer la chasse d'eau après 22 heures si on habite un immeuble à Genève? OUI
20%
photographier un ours en Alaska ? NON
0%
se promener seins nus à New York ? OUI
0%
Aucun quiz correspondant
Distribution des résultats
% des personnes avec chaque résultat
Percentile par nombre de réponses
Votre historique - résultats
Vous n’avez pas pris ce quiz depuis la dernière actualisation